000 00878nam a22002417a 4500
999 _c136283
_d136283
003 dpl
005 20181127133529.0
008 180818b xxu||||| |||| 00| 0 eng d
010 _aB-160665
020 _a812460259
035 _aB-160665, B-160667, B-160669
037 _bBPPD/PUB
040 _aDPL
_bEn
_c0
082 _a133.8
_bVAN
100 _aVanvari, Nandlal
_934966
245 _aUnderstanding mysteries of the mind /
_bfocussing on telepathy, clairvoyance, psychometry, superstitions hypnotism, paranomal phenomenon, astral travelling, black magic and dreams /
_cby Nandlal Vanvari
260 _aNew Delhi
_bDK Printworld (P)
_c2004
270 _aRegd. Office Sri Kunj F-52, Bali Nagar
_bNew Delhi
_e110015
300 _a268p ;
_c27cm(Hb)
650 _aOccultism.
_9139085
650 _aParapsychology.
_935551
942 _2ddc
_cEN
_h133.8
_mVAN